[Event "Østlandsserien 2019/2020, 4. div. F"]
[Site "Ås, Viken NOR"]
[Date "2020.01.19"]
[Round "3"]
[White "Szemes, Eva Weston"]
[Black "Aamodt, Peder Marcus"]
[Result "0-1"]
[WhiteElo "1237"]
[BlackElo "1696"]
[Annotator "Aamodt, Peder Marcus"]
[PlyCount "90"]
[EventDate "2019.11.03"]
[WhiteTeam "Vålerenga 4"]
[BlackTeam "Follo 3"]

1. e4 c5 2. Nf3 d6 3. Bb5+ Bd7 4. Bxd7+ Nxd7 5. Nc3 g6 6. b3 $5 {en kul idè
for å kjempe mot dette dragesystemet} Bg7 7. Bb2 Ngf6 8. d3 Qa5 9. Qd2 O-O 10.
O-O b5 $146 11. a3 (11. Nd5 {hadde vært godt for hvit} Qd8 (11... Qxd2 12.
Nxe7+ Kh8 13. Nxd2 Rfe8 14. Nc6 Rec8 15. Na5 (15. Ne7 Re8 16. Nd5 Nxd5 17.
Bxg7+ Kxg7 18. exd5))) 11... Qb6 12. b4 Qb7 13. Rfb1 a6 14. h3 Nb6 15. Qe3 Rac8
16. d4 $4 {ett nesten perfekt parti så langt fra hvit, og så kommer dette d4
trekket som lager ett så stort felt på c4 for springeren} cxd4 17. Qxd4 Rc4 $2
(17... Nfd5 $3 {hadde vært veldig pent om svart hadde funnet dette.} 18. e5
dxe5 19. Nxe5 Rc4 20. Qd3 Bxe5) 18. Qd3 Nxe4 19. Nxe4 Qxe4 20. Qxe4 Rxe4 21.
Bxg7 Kxg7 22. Re1 Rxe1+ 23. Rxe1 e5 $6 (23... Kf6 {hadde kanskje vært litt
bedre selv om det fortsatt er vunnet}) 24. Rd1 Nc4 25. Ra1 Rc8 {poenget er at
svart vil tvinge fram a4} 26. a4 Rb8 27. axb5 Rxb5 28. c3 a5 29. bxa5 Nxa5 30.
Rd1 Nc4 31. Re1 Rd5 32. Kf1 Nd2+ 33. Nxd2 Rxd2 34. c4 Rc2 35. Rd1 Rxc4 36. Rxd6
Rc2 $6 (36... g5 $1 {med en gang hadde vært bedre}) 37. Rd7 $2 {med
remistilbud samt det trekket som sikrer poenget for svart} (37. h4 {hadde vært
bedre} h6 38. Ra6 h5 39. g3 Rb2 40. Rc6 Rb7 41. Ke2 f6 42. Kf3 Kf7 43. Ra6 Rb2
{og det er uklart om hvordan dette går}) 37... g5 $1 {poenget med dette er at
hvis hvit prøver seg på g3 og h4 blir den bare slått ut og hvit har to
isolerte bønder som da er vunnet} 38. Re7 Kf6 39. Re8 h5 40. Rh8 h4 41. Rf8 e4
42. Re8 Kf5 43. Rf8 f6 44. Re8 Rc1+ 45. Ke2 Rg1 {og hvit taper bonden på g2}
0-1

[Event "Østlandsserien 2019/2020, 3. div. C"]
[Site "Bærum, Viken NOR"]
[Date "2020.02.09"]
[Round "4"]
[White "Lange, David"]
[Black "Olsen, William Alexander"]
[Result "1-0"]
[WhiteElo "1976"]
[BlackElo "1862"]
[PlyCount "79"]
[EventDate "2019.11.03"]
[WhiteTeam "Follo 1"]
[BlackTeam "Bærum 2 Krutt"]

1. d4 Nf6 2. c4 e6 3. Nf3 d5 4. e3 b6 5. Nc3 Bb4 $4 6. Qa4+ Nc6 7. Qxc6+ Bd7 8.
Qb7 a5 9. cxd5 Rb8 10. Qa6 b5 11. dxe6 fxe6 12. d5 O-O 13. Bd2 Qe7 14. Bxb5 Rb6
15. Qa7 Bxc3 16. Bxc3 Rxb5 17. dxe6 Bxe6 18. a4 Rd5 19. Bxa5 Ne4 20. Qxc7 Qf6
21. Bc3 Qg6 22. O-O Rd7 23. Qc6 Rxf3 24. a5 Nxc3 25. Qxf3 Bd5 26. Qh3 Be6 27.
Qh4 Ne2+ 28. Kh1 Bd5 29. f3 Qd3 30. Qf2 Bc4 31. e4 Qc2 32. a6 Bxa6 33. Rxa6 Rd2
34. Ra8+ Kf7 35. Qb6 Rd7 36. Ra7 Qd2 37. Rxd7+ Qxd7 38. Qe3 Qb5 39. Re1 Qxb2
40. Qxe2 1-0

[Event "Østlandsserien 2019/2020, 3. div. C"]
[Site "Bærum, Viken NOR"]
[Date "2020.02.09"]
[Round "4"]
[White "Leonhardsen, Vebjørn Maanum"]
[Black "Furnes, Torstein"]
[Result "1-0"]
[WhiteElo "1845"]
[BlackElo "1753"]
[Annotator "Furnes, Torstein"]
[PlyCount "99"]
[EventDate "2019.11.03"]
[WhiteTeam "Bærum 2 Krutt"]
[BlackTeam "Follo 1"]

1. d4 d5 2. c4 e6 3. Nc3 Nf6 4. Bg5 Be7 5. e3 O-O 6. Nf3 Nbd7 7. cxd5 exd5 8.
Bd3 Re8 9. O-O Nf8 10. Ne5 c6 11. h3 N6d7 12. Bxe7 Qxe7 13. Nxd7 Bxd7 14. Ne2
Qg5 15. Ng3 Ng6 16. Qc2 h5 17. Bf5 Rad8 18. Bxd7 Rxd7 19. Qf5 Qxf5 20. Nxf5 Ne7
21. Nxe7+ Rdxe7 22. h4 Re4 23. g3 Kh7 24. b4 Kg6 25. a4 R4e7 26. Rfc1 Rc7 27.
Rc3 Kf5 28. Rac1 Rec8 29. Kg2 f6 30. Rc5 g5 31. hxg5 fxg5 32. f3 Kf6 33. b5 Ke6
34. e4 Kd6 35. bxc6 bxc6 36. Kh3 {Her følte jeg at svart har kommet i en
trekktvang-stilling der de fleste trekkalternativene har ulemper. Det er
forklaringen på det følgende trekket.} a6 $2 $18 {Tapstrekket.} ({Fritz vil
spille} 36... g4+ $1 37. fxg4 hxg4+ 38. Kxg4 Rg8+ 39. Kf3 dxe4+ 40. Kxe4 Rxg3
$11 {med remisstilling}) 37. exd5 cxd5 $4 {Nå får hvit avviklet til et lett
vunnet bondesluttspill.} ({Mest motstand gir} 37... g4+ 38. fxg4 hxg4+ 39. Kxg4
Rg7+ 40. Kf3 Rcg8) 38. Rxc7 Rxc7 39. Rxc7 Kxc7 40. f4 gxf4 41. gxf4 Kd6 42. Kh4
Ke6 43. Kg5 h4 44. f5+ Ke7 45. Kxh4 Kf6 46. Kg4 Kf7 47. Kg5 Kg7 48. f6+ Kf7 49.
Kf5 a5 50. Ke5 1-0

[Event "Østlandsserien 2019/2020, 3. div. C"]
[Site "Bærum, Viken NOR"]
[Date "2020.02.09"]
[Round "4"]
[White "Lange, Holger"]
[Black "Mikelsen, Mattis"]
[Result "0-1"]
[WhiteElo "1739"]
[BlackElo "1765"]
[Annotator "Lange,Holger"]
[PlyCount "60"]
[EventDate "2019.11.03"]
[WhiteTeam "Follo 1"]
[BlackTeam "Bærum 2 Krutt"]

1. e4 c6 2. d4 d5 3. exd5 cxd5 4. Bd3 Nc6 5. Nf3 $6 {finnes i åpningsboka, men
mye mer vanlig er 5. c3} Bg4 6. c3 e6 7. O-O Bd6 8. Be3 $6 (8. h3 {skaper
mindre problemer for hvit}) 8... Qc7 9. h3 Bh5 10. Nbd2 f5 {hadde ikke regnet
med trekket.Trussel er åpenbart. For meg virket det merkelig å spille løperen
på g5 nå:} 11. Nb3 (11. Bg5 h6 12. Bh4 g5 13. Bg3 f4 14. Bh2 {men Stockfish
mener det er likevel best}) 11... Nf6 12. Re1 {alt for passivt} (12. c4 $1)
12... O-O 13. Bg5 $2 (13. Be2 Ne4 14. Ng5 $15) 13... Ne4 $1 14. Be3 Rae8 15.
Be2 Rf6 {ikke blant de beste trekkene og får meg et liten pust} 16. Nfd2 Bxe2
17. Qxe2 f4 18. Nxe4 dxe4 19. Bd2 f3 20. Qxe4 Ref8 $2 {da var det tid å slå
til:} (20... fxg2 21. Kxg2 Ref8 $17) 21. g4 {Eneste trekk som ikke taper. Nå
står hvit bedre} Bg3 $2 {ser skummelt ut, men er langt fra best. Hvit kan
selvsagt ikke ta løperen.} 22. Be3 $1 Bf4 $4 23. Bxf4 Rxf4 24. Qxe6+ {Hvit har
en vunnet stilling på brettet med to bønder mer og alt under kontroll...
egentlig} Kh8 {Her vurderte jeg hovedsaklig Te4 og Sc5. Begge er gode, men jeg
ønsket å gå fram enda mer aggresiv:} 25. d5 $2 Qd8 $1 {ikke vurdert skikkelig.
Springeren kan ikke tas nå.} 26. Kh2 $2 (26. Kf1 Qh4 27. Re4 Qxh3+ 28. Ke1 R4f6
29. Qd7 Qh1+ 30. Kd2 Qh6+ 31. Kc2 {og hvit lever for så vidt}) 26... Qh4 27.
Rf1 {nå er det svart som har en kliss vunnet stilling, hvis han finner T4f6}
Ne5 $2 {kaster bort seieren, egentlig...} 28. Qxe5 {eneste trekk} Rxg4 {
selvfølgelig. Jeg skulle ha investert masse tid her (som jeg hadde på klokka),
men her skjedde det:} 29. Qe6 $4 (29. Rg1 $1 Qxf2+ 30. Kh1 Qh4 (30... Rg2 $4
31. Raf1 Qxb2 32. Rxf3 Rxg1+ 33. Kxg1 {og hvit vinner!}) 31. Qh2 Rxg1+ 32. Rxg1
f2 33. Rf1 Qe4+ 34. Qg2 Rf3 35. Kh2 Qe5+ 36. Kh1 Qe4 {remis!}) 29... Rg2+ 30.
Kh1 {h3 er dekket av hvits dame, men...} Qf4 $1 {med matt i to trekk. Oppgitt}
0-1

[Event "Østlandsserien 2019/2020, 3. div. C"]
[Site "Bærum, Viken NOR"]
[Date "2020.02.09"]
[Round "4"]
[White "Evenshaug, Amadeus Hestvik"]
[Black "Lea, Per"]
[Result "0-1"]
[WhiteElo "1729"]
[BlackElo "1712"]
[Annotator "Lea, Per"]
[PlyCount "106"]
[EventDate "2019.11.03"]
[WhiteTeam "Bærum 2 Krutt"]
[BlackTeam "Follo 1"]

1. e4 e5 2. Nf3 Nc6 3. d4 exd4 4. Bc4 Nf6 5. e5 d5 6. Bb5 Nd7 7. O-O Nc5 8.
Nxd4 Bd7 9. Bxc6 bxc6 10. Kh1 Be7 11. f4 f5 12. b4 Ne6 $2 {En stygg
overseelse- som hvit også misser.} (12... Ne4 13. e6 Bc8 14. Nxc6 Qd6 15. Nxe7
Bxe6 16. Qh5+ Kxe7) 13. a3 ({Det er ingen ting galt med} 13. Nxf5) 13... O-O
14. Nc3 a5 15. Nxe6 {Nå begynner svart å puste lettet ut, men fribonden på e5
som blokkeres av en verdifull løper er en kilde til irritasjon. Men heldigvis
ble bonden stående der partiet ut, og løperen flyttet ikke før trekk 43.} Bxe6
16. Rb1 axb4 17. axb4 c5 18. bxc5 Bxc5 (18... d4 19. Ne2 Bxc5 20. Qd3 (20. Bb2
Bc4 21. Re1 Rb8) 20... Qd5 21. Rd1 Rfd8 {er fordelaktig for svart, men jeg var
redd for at d-bonden ville bli svak og vanskelig å gardere til slutt}) 19. Qf3
c6 ({I følge Stockfish 10 er} 19... Qd7 {det beste trekket, men mente det
måtte være sikrere å dekke d-bonden med en bonde}) 20. Ne2 Ba7 {Nå står
klokkene på1:12 for hvit og 0:20 for svart, et ubehagelig faktum,men det er
langt fra første gang det har skjedd...} 21. Bd2 Qc7 22. Rb2 Rab8 23. Rxb8 Rxb8
24. Qd3 c5 25. Qa6 Qb6 26. Qa4 Qb7 27. Ra1 Bb6 28. Rb1 Qd7 $2 {I ubegrunnet
frykt for at bindinga i b-linja ville ble avgjørende. Det er lett å overse noe
når klokke viser 0:07 og det er 13 trekk til tidskontrollen og en ekstra
halvtime.} (28... d4 {er bedre, og deretter møte} 29. Ba5 {med} Qa8) 29. Qa6
Qa7 30. Ra1 Qxa6 31. Rxa6 Kf7 32. h3 h5 ({Nok en gang var} 32... d4 {trekket})
33. Nc3 Bd8 ({Nå var det} 33... c4 {som var trekket!}) 34. Ra7+ (34. Na4 Rb5
35. Ra8 {gir nesten utlikning for hvit}) 34... Kf8 (34... Ke8 {ble aldri
vurdert fordi g-bonden faller, men etter} 35. Rxg7 Rb2 36. Rh7 {vinner svart} (
{og} 36. Ra7 d4 37. Ra6 Kf7 38. Na4 Rxc2 39. Be1 Rc1 {er enda mer håpløst})
36... Rxc2 37. Be1 Rc1) 35. Na4 Be7 36. Ba5 c4 37. Bb6 Rc8 38. Kh2 (38. c3 {
gir en liten fordel for hvit}) 38... Rc6 ({Siden hvit ikke spilte c-bonden
fram, burde svart gjort det!} 38... c3 {med lik stilling. Etter teksttrekket
er det hvit som har fordel, og svart har litt over ett minutt pluss bonustid
igjen til trekk 40.}) 39. Bd4 Rc8 40. Nb6 Rc6 41. Na4 g6 42. Kg3 h4+ 43. Kf3
Bc8 44. Ra8 Kf7 45. Ra7 Ra6 46. Rxa6 $2 (46. Rc7 {vinner, f.eks.} Rxa4 47. Bc5
Ke8 48. Rxe7+ Kd8 49. Rg7 Ra6 50. Ke3 c3 51. Be7+ Ke8 52. Bxh4) 46... Bxa6 47.
c3 Bc8 48. Ke3 Ke6 49. Bb6 Kd7 50. Bc5 Bd8 51. Kd4 Kc6 52. Nb2 $2 g5 {er det
eneste vinsttrekket, uten at jeg var klar over det der og da. Jeg var mer
bekymret for de bare snaue 7 minuttene jeg hadde igjen, mens motstanderen
kunne kose seg med over tre kvarter. Hvit lar være å slå på g5 før løperen går
til f8, men nå med katastrofale følger:} 53. Bf8 (53. fxg5 Bxg5 54. Bf8 f4 55.
Bg7 Be7 {med matt-trussel på c5} 56. e6 Bxe6 57. Ke5 f3 58. gxf3 Bxh3 {bør
vinne greit, selv om tidsnøden kan ødelegge hele opplegget}) 53... Bb6+ {Hvit
brukte ca 0,15 sekunder på å gi labb. Selv om det var springertrekket til b2
som var det egentlige tapstrekket, vet jeg nøyaktig hvordan det føles å
tillate en rask matt: jeg opplevde det seinest i runde 1 mot SK 1911 4.} 0-1

[Event "Østlandsserien 2019/2020, 4. div. D"]
[Site "Fredriksstad, Viken NOR"]
[Date "2020.02.09"]
[Round "4"]
[White "Aamodt, Peder Marcus"]
[Black "Livendahl, Rolf Uno"]
[Result "0-1"]
[WhiteElo "1699"]
[BlackElo "1700"]
[Annotator "Aamodt, Peder Marcus"]
[PlyCount "148"]
[EventDate "2019.11.03"]
[WhiteTeam "Follo 2"]
[BlackTeam "Fredriksstad 3"]

1. d4 d5 2. c4 e6 3. Nc3 c6 4. Nf3 Nf6 5. e3 Be7 6. Bd3 dxc4 7. Bxc4 Nd5 8. O-O
Nd7 9. e4 Nxc3 10. bxc3 c5 11. Re1 O-O 12. Qe2 b6 13. d5 Nf6 $2 14. Rd1 $2 (14.
d6 {helt blackout}) 14... exd5 15. exd5 Bd6 16. Bg5 Bg4 17. h3 Re8 18. Qd3 Bh5
19. Bb5 Rf8 20. Re1 h6 21. Bxf6 Qxf6 22. Rad1 Bg6 23. Qe3 a6 24. Bd3 Rfe8 25.
Qxe8+ Rxe8 26. Rxe8+ Kh7 27. Bxg6+ fxg6 28. Re6 Qf4 29. Nd2 Qh2+ 30. Kf1 Bf4
31. Nf3 Qh1+ 32. Ke2 Qxg2 33. Rg1 Qxh3 34. Rexg6 Qd7 35. Rxg7+ Qxg7 36. Rxg7+
Kxg7 37. Kd3 Kf6 38. Ke4 Bd6 39. Nh4 h5 40. Nf5 Be5 41. c4 b5 42. f4 $2 {
tapstrekket} Bc7 43. Ne3 b4 44. Nd1 a5 45. Nb2 h4 46. Kf3 Kf5 47. Na4 Bd6 48.
Nb6 Bxf4 49. Nc8 h3 50. Ne7+ Kg5 51. d6 Bxd6 52. Nd5 a4 53. Kf2 b3 54. axb3
axb3 55. Nc3 b2 56. Kf3 Be5 57. Nb1 h2 58. Kg2 Kf5 59. Nd2 Bf4 60. Nb1 Ke4 61.
Kh1 Kd3 62. Na3 Kc3 63. Kg2 Kb3 64. Nb1 Kxc4 65. Na3+ Kb3 66. Nb1 c4 67. Kh1 c3
68. Kg2 c2 69. Kf2 cxb1=Q 70. Ke2 Qe4+ 71. Kf2 Qe3+ 72. Kg2 Qg3+ 73. Kf1 b1=R+
74. Ke2 Qe3# 0-1

[Event "Østlandsserien 2019/2020, 4. div. D"]
[Site "Fredriksstad, Viken NOR"]
[Date "2020.02.09"]
[Round "4"]
[White "Kro, Andreas Fuskeland"]
[Black "Moberg, Jan Rune"]
[Result "1-0"]
[WhiteElo "1717"]
[BlackElo "1631"]
[Annotator "Aamodt, Peder Marcus"]
[PlyCount "65"]
[EventDate "2019.11.03"]
[WhiteTeam "Fredriksstad 3"]
[BlackTeam "Follo 2"]

1. e4 e5 2. Nf3 d6 3. Bc4 c6 4. O-O Be7 5. c3 b5 6. Bb3 a6 7. h3 Nf6 8. d3 h6
9. a4 Bb7 10. Re1 Nbd7 11. Nbd2 Qc7 12. Nf1 Nc5 13. Bc2 O-O 14. Ng3 Rfe8 15.
axb5 axb5 16. Be3 Ne6 17. Qd2 Bf8 18. Bb3 c5 19. Nh4 d5 20. exd5 Bxd5 21. Bxd5
Nxd5 22. Nf3 Rad8 23. c4 Ndf4 24. Bxf4 Nxf4 25. cxb5 Nxd3 26. Re3 c4 27. Qc2
Bc5 28. Re2 e4 (28... Bxf2+ 29. Rxf2 e4 30. Nxe4 (30. Ne1 Qxg3) 30... Rxe4) 29.
Nxe4 Rxe4 30. Rxe4 Nxf2 31. Rxc4 Nxh3+ 32. Kf1 Rd5 33. Ra8+ 1-0

[Event "Østlandsserien 2019/2020, 4. div. D"]
[Site "Fredriksstad, Viken NOR"]
[Date "2020.02.09"]
[Round "4"]
[White "Larsen, Jo Ingebrigt"]
[Black "Høiom, Jonas"]
[Result "1-0"]
[WhiteElo "1574"]
[BlackElo "1381"]
[PlyCount "83"]
[EventDate "2019.11.03"]
[WhiteTeam "Follo 2"]
[BlackTeam "Fredriksstad 3"]

1. d4 Nf6 2. Bf4 d5 3. e3 c5 4. c3 Nc6 5. Bd3 Qb6 6. b3 cxd4 7. exd4 Bd7 8. Nd2
g6 9. Ngf3 Bg7 10. h3 O-O 11. O-O Rac8 12. Rc1 Rfe8 13. Re1 Na5 14. Ne5 Nc6 15.
Nxd7 Nxd7 16. Nf3 e5 17. dxe5 Ndxe5 18. Be3 Qd8 19. Nxe5 Nxe5 20. Bd4 Nxd3 21.
Qxd3 Bxd4 22. Qxd4 Qa5 23. a4 Rxe1+ 24. Rxe1 a6 25. Re7 Qd8 26. Qf6 Qf8 27.
Rxb7 Qg7 28. Qd4 Qxd4 29. cxd4 Rc1+ 30. Kh2 Rd1 31. Rb4 a5 32. Rb5 Rxd4 33.
Rxa5 Rd1 34. Rb5 d4 35. Kg3 Re1 36. Kf3 Kg7 37. b4 Ra1 38. a5 Ra3+ 39. Ke2 Ra2+
40. Kd3 Rxf2 41. a6 Ra2 42. Ra5 1-0

[Event "Østlandsserien 2019/2020, 4. div. D"]
[Site "Fredrikstad, Viken NOR"]
[Date "2020.02.09"]
[Round "4"]
[White "Asbjørnsen, Jakob"]
[Black "Samset, Jon"]
[Result "1-0"]
[WhiteElo "1562"]
[BlackElo "1382"]
[Annotator "Lea, Per"]
[PlyCount "101"]
[EventDate "2019.11.03"]
[WhiteTeam "Fredriksstad 3"]
[BlackTeam "Follo 2"]

{Stor takk til Rolf Livendahl, FSS, for å ha skaffet til veie et leselig
noteringsskjema!} 1. e4 g6 2. d4 Bg7 3. c4 d6 4. Nc3 Nf6 5. Nf3 O-O 6. Be2 Nc6
7. O-O e5 8. d5 Ne7 9. Be3 Bd7 10. c5 a6 11. Ne1 h5 12. h3 Nh7 13. Qd2 f5 14.
Bh6 dxc5 15. Bc4 Kh8 16. Nd3 b5 17. d6 cxd6 18. Bd5 Nxd5 19. exd5 f4 20. Bxg7+
Kxg7 21. Ne4 Qe7 22. f3 Ng5 23. Ndf2 Nxe4 24. Nxe4 b4 25. a3 a5 26. axb4 axb4
27. b3 Ra3 28. Rxa3 bxa3 29. Ra1 Ra8 30. Qc1 a2 31. Qd2 Ra3 32. Qb2 Ra6 33.
Rxa2 Rxa2 34. Qxa2 Bb5 35. Qd2 Qd8 36. Kh2 g5 37. Nf2 Bd7 38. Qe2 Qc8 39. Ne4
Qd8 40. Nxd6 Bxh3 41. Qxe5+ Qf6 42. Qxf6+ Kxf6 43. Kxh3 Ke5 44. Ne4 Kxd5 45.
Nxg5 Kd4 46. Ne4 Kd5 47. Kh4 c4 48. bxc4+ Kxc4 49. Kxh5 Kd4 50. Kg5 Ke3 51. Kg4
1-0

[Event "Østlandsserien 2019/2020, 4. div. F"]
[Site "Asker, Viken NOR"]
[Date "2020.02.09"]
[Round "4"]
[White "Bækkevold, Kevin Charlton"]
[Black "Lilleseth, Eivind"]
[Result "1-0"]
[WhiteElo "1364"]
[BlackElo "1634"]
[PlyCount "107"]
[EventDate "2019.11.03"]
[WhiteTeam "Follo 3"]
[BlackTeam "Asker 2"]

1. d4 Nf6 2. Nf3 g6 3. Nc3 Bg7 4. e4 c6 5. h3 b5 6. e5 Ng8 7. Ne4 Nh6 8. Bd3
Qb6 9. Be3 Qc7 10. Qd2 Nf5 11. Bf4 Qb6 12. Be3 Nxe3 13. Qxe3 Bb7 14. c3 Na6 15.
O-O Nc7 16. Nf6+ Bxf6 17. exf6 e6 18. Qe5 Nd5 19. Rfc1 Qd8 20. Rab1 Qxf6 21.
Qxf6 Nxf6 22. a4 a6 23. axb5 cxb5 24. Be2 Ke7 25. Re1 Rac8 26. Ne5 h5 27. Bf3
Bd5 28. Ra1 d6 29. Bxd5 Nxd5 30. Nd3 Rc6 31. Re2 Ra8 32. Rae1 a5 33. Re4 b4 34.
cxb4 axb4 35. f4 b3 36. Rf1 Rc4 37. f5 gxf5 38. Rxf5 Raa4 39. Rxd5 Ra1+ 40. Kh2
h4 41. Rb5 Rd1 42. Rxb3 Rc2 43. Rxh4 Rcd2 44. Nb4 d5 45. Nc6+ Kd6 46. Ne5 Rf1
47. Nf3 Rc2 48. Rg4 Rff2 49. Rg8 Ke7 50. h4 Rxb2 51. Rxb2 Rxb2 52. h5 f6 53. h6
Kf7 54. h7 1-0

[Event "Østlandsserien 2019/2020, 3. div. C"]
[Site "Ås, Viken NOR"]
[Date "2020.03.08"]
[Round "5"]
[White "Stærli, Atle"]
[Black "Lange, David"]
[Result "0-1"]
[WhiteElo "1520"]
[BlackElo "1983"]
[PlyCount "60"]
[EventDate "2019.11.03"]
[WhiteTeam "Nordstrand 6"]
[BlackTeam "Follo 1"]

1. d4 Nf6 2. c4 g6 3. g3 Bg7 4. Bg2 c6 5. Nc3 d5 6. cxd5 Nxd5 7. Nxd5 cxd5 8.
Nf3 Nc6 9. e3 O-O 10. O-O Bf5 11. Qb3 Qd7 12. Bd2 Rac8 13. Bc3 Be4 14. Rfd1 b6
15. Ne5 Nxe5 16. Bxe4 dxe4 17. dxe5 Qf5 18. Qa3 Rc7 19. Bb4 Qxe5 20. Rd4 Qe6
21. Rd2 Rfc8 22. Kg2 a5 23. Rad1 axb4 24. Rd8+ Bf8 25. Qxb4 Rc2 26. Qb5 Qf5 27.
Qf1 Rxb2 28. R1d5 Qf3+ 29. Kg1 Rcc2 30. Rb8 Rxf2 0-1

[Event "Østlandsserien 2019/2020, 3. div. C"]
[Site "Ås, Viken NOR"]
[Date "2020.03.08"]
[Round "5"]
[White "Johansen, Anders Sten"]
[Black "Brentebråten, Tom"]
[Result "1-0"]
[WhiteElo "1801"]
[BlackElo "1349"]
[PlyCount "133"]
[EventDate "2019.11.03"]
[WhiteTeam "Follo 1"]
[BlackTeam "Nordstrand 6"]

1. e4 c5 2. Nf3 e6 3. d4 cxd4 4. Nxd4 Nf6 5. Bd3 Nc6 6. Nxc6 bxc6 7. O-O Be7 8.
Nd2 O-O 9. f4 a5 10. Qe2 Qb6+ 11. Kh1 Ba6 12. c4 Bb4 13. e5 Ne8 14. Nf3 f6 15.
f5 exf5 16. Bxf5 d5 17. exd6 Nxd6 18. Bd3 Rfe8 19. Qc2 f5 20. b3 Ne4 21. Bb2
Bd2 22. Bxe4 fxe4 23. Nxd2 e3 24. Nf3 c5 25. Ng5 Qh6 26. Nf7 Qh5 27. Qc3 Qg6
28. Ne5 Qg5 29. Rf3 e2 30. Nf7 Qg6 31. Rg3 Qf6 32. Rxg7+ Kf8 33. h3 $4 (33.
Qxf6 $1 e1=Q+ 34. Qf1 {og matt i 8...}) 33... Qf1+ 34. Kh2 e1=Q 35. Rg8+ Kxf7
36. Qg7+ Ke6 37. Rxe1+ Qxe1 38. Qf6+ Kd7 39. Qf5+ $2 (39. Rg7+ Re7 40. Be5)
39... Qe6 40. Rg7+ Re7 41. Rxe7+ Kxe7 42. Qxh7+ Kd6 43. Qd3+ Kc7 44. Qg3+ Kb6
45. a3 Bb7 46. Qf2 Rg8 47. g4 Re8 48. b4 Qd6+ 49. Kg1 Qd1+ 50. Kh2 Qh1+ 51. Kg3
Qg2+ 52. Qxg2 Bxg2 53. bxc5+ Kc6 54. Bf6 Bf1 55. h4 Bxc4 56. h5 Kxc5 57. g5
Re3+ 58. Kh4 Rxa3 59. g6 Re3 60. h6 Kd6 61. h7 Re4+ 62. Kg5 Re8 63. g7 Re1 64.
h8=Q Rg1+ 65. Kf4 Rf1+ 66. Ke3 Rxf6 67. g8=Q 1-0

[Event "Østlandsserien 2019/2020, 3. div. C"]
[Site "Ås, Viken NOR"]
[Date "2020.03.08"]
[Round "5"]
[White "Lindstad, Lars"]
[Black "Lange, Holger"]
[Result "1-0"]
[WhiteElo "1411"]
[BlackElo "1730"]
[PlyCount "89"]
[EventDate "2019.11.03"]
[WhiteTeam "Nordstrand 6"]
[BlackTeam "Follo 1"]

1. e4 Nf6 2. Nc3 d5 3. e5 d4 4. exf6 dxc3 5. bxc3 exf6 6. Be2 Bd6 7. Nf3 O-O 8.
O-O b6 9. a4 a5 10. Nd4 Bb7 11. Bd3 g6 12. Qg4 Nd7 13. f4 Bc5 14. Ba3 Re8 15.
Bxc5 Nxc5 16. Bc4 Re4 17. d3 Re8 18. Bb5 Rf8 19. h4 h5 20. Qg3 Qd6 21. Rae1 Kh7
22. Re2 c6 23. Bc4 Nxa4 24. Qe1 Rad8 25. Re7 Rd7 26. Re8 b5 27. Rxf8 Qxf8 28.
Ba2 Qe7 29. Qg3 Nxc3 30. Re1 Qc5 31. Bxf7 Qxd4+ 32. Kh2 Rxf7 33. Re8 Qd7 34. f5
Rg7 35. fxg6+ Rxg6 36. Qb8 Qg7 37. g3 Nd5 38. c4 Nc7 39. Re3 Na6 40. Qd8 Qh6
41. Re8 Qd2+ 42. Kh3 Rg7 43. Rh8+ Kg6 44. Qe8+ Kf5 45. Qe4# 1-0

[Event "Østlandsserien 2019/2020, 3. div. C"]
[Site "Ås, Viken NOR"]
[Date "2020.03.08"]
[Round "5"]
[White "Aamodt, Peder Marcus"]
[Black "Furulund, Kjell"]
[Result "1-0"]
[WhiteElo "1689"]
[BlackElo "1208"]
[PlyCount "65"]
[EventDate "2019.11.03"]
[WhiteTeam "Follo 1"]
[BlackTeam "Nordstrand 6"]

1. d4 d5 2. c4 e6 3. Nc3 Nf6 4. cxd5 exd5 5. Bg5 c6 6. e3 Be7 7. Bd3 h6 8. Bh4
a6 9. Nge2 Ne4 10. Bg3 Nxg3 11. Nxg3 Be6 12. O-O Nd7 13. f4 Nf6 14. f5 Bd7 15.
Nh5 Bf8 16. Qf3 Qe7 17. Nxf6+ Qxf6 18. Rae1 O-O-O 19. a3 g6 20. fxg6 Qxf3 21.
Rxf3 fxg6 22. Bxg6 Rg8 23. Bf5 Bxf5 24. Rxf5 Bg7 25. Ref1 Rde8 26. R1f3 Re7 27.
Na4 Rge8 28. Kf2 Rg8 29. Nc5 Kc7 30. Rf7 Rxf7 31. Rxf7+ Kb6 32. Rxb7+ Ka5 33.
b4# 1-0

[Event "Østlandsserien 2019/2020, 4. div. D"]
[Site "Ås, Viken NOR"]
[Date "2020.03.08"]
[Round "5"]
[White "Ødegaard, Kyrre"]
[Black "Kielland-Lund, Jon"]
[Result "0-1"]
[WhiteElo "1495"]
[BlackElo "1712"]
[PlyCount "54"]
[EventDate "2019.11.03"]
[WhiteTeam "Offerspill 2"]
[BlackTeam "Follo 2"]

1. d4 c5 2. e3 Nf6 3. Nf3 e6 4. c4 d5 5. Nc3 b6 6. Bd3 Bb7 7. O-O dxc4 8. Bxc4
Be7 9. Re1 O-O 10. e4 cxd4 11. Nxd4 Bc5 12. Be3 Nxe4 13. Nxe4 Bxe4 14. Qg4 Bg6
15. Bxe6 Bxd4 16. Rad1 fxe6 17. Qxe6+ Bf7 18. Qe4 Qd5 19. Qg4 Bxe3 20. Rxd5
Bxf2+ 21. Kh1 Bxe1 22. Re5 Bd2 23. h3 Nc6 24. Re2 Rad8 25. Qf3 Bd5 26. Qg4 Rf1+
27. Kh2 Bf4+ 0-1

[Event "Østlandsserien 2019/2020, 4. div. D"]
[Site "Ås, Viken NOR"]
[Date "2020.03.08"]
[Round "5"]
[White "Moberg, Jan Rune"]
[Black "Ilseng, Elin"]
[Result "1-0"]
[WhiteElo "1623"]
[BlackElo "1501"]
[PlyCount "131"]
[EventDate "2019.11.03"]
[WhiteTeam "Follo 2"]
[BlackTeam "Offerspill 2"]

1. d4 d5 2. c4 e5 3. e4 dxe4 4. d5 Bc5 5. Nc3 Bf5 6. b4 Bxb4 7. Qa4+ c6 8. Qxb4
Qb6 9. Qxb6 axb6 10. Nge2 Nf6 11. Ng3 Bg6 12. Bg5 Nbd7 13. Be2 Ra3 14. Rc1 h6
15. Bxf6 Nxf6 16. O-O h5 17. Rfe1 O-O 18. Bd1 Rd8 19. Bb3 h4 20. Ngxe4 Ng4 21.
h3 Nh6 22. dxc6 bxc6 23. c5 b5 24. Nd6 b4 25. Nce4 Ra7 26. Ng5 Re7 27. Rc4 Rb8
28. Rxh4 Kf8 29. Rc4 f6 30. Nf3 Nf7 31. Nh4 Bh7 32. Nhf5 Rd7 33. Rh4 Ng5 34.
Rg4 g6 35. Ne3 Ke7 36. f4 exf4 37. Nd5+ Kf8 38. Nxf6 Re7 39. Rxe7 Kxe7 40. Nxh7
Nxh7 41. Rxg6 Rh8 42. Rg7+ Kf6 43. Rf7+ Ke5 44. Rb7 Kd4 45. Nf7 Rf8 46. Rxb4+
Ke3 47. Rb6 Rc8 48. Nd6 Rf8 49. Bd1 Ng5 50. h4 Ne6 51. Rxc6 Nd4 52. Rc8 Rf6 53.
Re8+ Kd3 54. Ne4 Rg6 55. Ng5 Kd2 56. Bg4 Nc2 57. Re6 Rg7 58. c6 Ne3 59. Bf3 Nf5
60. Nh3 Nxh4 61. Kf2 Nf5 62. Nxf4 Nd4 63. Rd6 Kc3 64. Ne6 Nxe6 65. Rxe6 Ra7 66.
c7 1-0